| 000 | 00952nam0a22002531 4500 | ||
|---|---|---|---|
| 001 | v19\rc\1830551 | ||
| 005 | 20250619140138.0 | ||
| 035 | _a(NLR Aleph) 004926274 | ||
| 090 |
_a5631600 _c5631600 |
||
| 100 | _a20071224d1908 |||y0rusy50 ca | ||
| 101 | 0 | _arus | |
| 102 | _aRU | ||
| 105 | _ay b ||||| | ||
| 200 | 1 |
_aКаталог русских редких монет, золотых, платиновых, серебряных и медных, чеканенных с 1699 по 1897 г. включительно, составляющих ныне редкость... _fСост. и изд. Иох. Гер. Гринфельд, г. Ровно, Вол. губ. |
|
| 210 |
_aРига _d1908 |
||
| 215 | _a23 с. | ||
| 700 | 1 |
_aГринфельд _bИох.Гер. _4220 _4650 |
|
| 801 | 0 |
_aRU _bNLR _gpsbo |
|
| 801 | 0 |
_aRU _bRuMoRGB _2psbo |
|
| 801 | 1 |
_aRU _bProSoft-M _2rusmarc |
|
| 852 |
_aNLR _j34.85.4.548 |
||
| 899 | _aБАН | ||
| 942 | _cBOOK | ||
| 980 | _aNB | ||